Kody lotniskowe - Polska - Statystyki

Ogólne statystyki
  • Ten quiz został rozwiązany 90 razy
  • Średni wynik to 14 z 15
Statystyki odpowiedzi
Hint Odpowiedź % Poprawnych
KTW Katowice
100%
WRO Wrocław
100%
GDN Gdańsk
99%
KRK Kraków
99%
POZ Poznań
99%
WAW Warszawa
99%
WMI Warszawa
99%
RZE Rzeszów
98%
SZZ Szczecin
96%
LUZ Lublin
94%
BZG Bydgoszcz
86%
RDO Radom
85%
SZY Olsztyn
75%
LCJ Łódź
74%
IEG Zielona Góra
73%
Nie znaleziono quizów pasujących do podanych kryteriów
Rozkład punktacji
Procent ludzi z każdym wynikiem
Percentyl według liczby udzielonych odpowiedzi
Twoja historia wyników
Nie rozwiązałeś tego quizu